A MILLENIUM primer timeless truths and delightful diversions

Saved in:
Bibliographic Details
Format: Book
Language:English
Published: Time Life Books 1999
Tags: Add Tag
No Tags, Be the first to tag this record!

MARC

LEADER 00000nam a22000007a 4500
008 211222b ||||| |||| 00| 0 eng d
020 |a 0-7370-0061-9 
245 |a A MILLENIUM primer  |b  timeless truths and delightful diversions  |c Tim Clark and the editors of Old Farmer’s Almanac  |g  384p.; ill. 
250 |c Tim Clark and the editors of Old Farmer’s Almanac. 
260 |b Time Life Books  |c 1999  |h Alexandra, U.S.A  |i 681660   |l CB161 .M61  |m Twenty-first century - Forecasts - Miscellanea.  |m Life skills - Handbooks, manuals, etc.  |m Almanacs, American.  |m Millennium miscellanea.  |m Clark, Tim.  |m Old Farmer’s Almanac. 
942 |a lcc  |c BK  |e IFATOLA J.O  |f 22/12/2021 
952 |0 0  |1 0  |2 lcc  |4 0  |6 CB0161 M61  |7 0  |9 4011  |a HOL  |b HOL  |c AF  |d 2021-12-22  |l 0  |o CB161 .M61   |p 2021-67735  |r 2021-12-22 00:00:00  |t 681660   |w 2021-12-22  |y BK 
999 |c 2014  |d 2014